[Event "ETCC"]
[Site "Crete GRE"]
[Date "2007.10.31"]
[Round "4"]
[White "Vallejo Pons, F."]
[Black "Naiditsch, A."]
[Result "1-0"]
[WhiteElo "2660"]
[BlackElo "2639"]
[PlyCount "57"]
[EventDate "2007.10.28"]
[Source "www.chesslib.no"]
[SourceDate "2004.05.04"]

1. e4 e5 2. Nf3 Nc6 3. Bc4 Nf6 4. Ng5 d5 5. exd5 b5 6. Bf1 h6 7. Nxf7 Kxf7 8. dxc6 Bc5 9. Be2 Bxf2+ 10. Kxf2 Ne4+ 11. Kf1 Rf8 12. d3 Qd4 13. Qe1 Kg8+ 14. Bf3 Ng5 15. Bxg5 hxg5 16. Ke2 e4 17. Bxe4 Bg4+ 18. Kd2 Rf2+ 19. Kc1 Raf8 20. Nc3 b4 21. Bd5+ Kh8 22. h4 Bh5 23. hxg5 g6 24. Bf3 bxc3 25. Qxc3 Qxc3 26. bxc3 Kg7 27. Rb1 Bxf3 28. gxf3 Re8 29. Rb7 1-0

[Event "PCA/Intel-GP"]
[Site "London"]
[Date "1995.??.??"]
[Round "1"]
[White "Morozevich, Alexander"]
[Black "Piket, Jeroen"]
[Result "0-1"]
[WhiteElo "2630"]
[BlackElo "2625"]
[PlyCount "100"]
[EventDate "1995.08.??"]
[Source "ChessBase"]

1. e4 e5 2. Nf3 Nc6 3. Bc4 Nf6 4. Ng5 d5 5. exd5 b5 6. Bf1 h6 7. Ne6 fxe6 8. dxc6 Bc5 9. d4 Bxd4 10. Bd3 O-O 11. O-O Qd5 12. Qe2 a6 13. c3 Bb6 14. a4 e4 15. Bc2 Qxc6 16. axb5 axb5 17. Rxa8 Qxa8 18. Be3 Bxe3 19. Qxe3 Qa2 20. Qc1 Bb7 21. Na3 Bc6 22. h3 Rd8 23. Bb1 Qd5 24. Nc2 Be8 25. Ne3 Qd2 26. b4 Qxc1 27. Rxc1 c5 28. bxc5 Rc8 29. Ba2 Kf7 30. Rb1 Rxc5 31. c4 Ke7 32. cxb5 Bxb5 33. Bb3 Nd5 34. Re1 Nf4 35. Ra1 h5 36. h4 Rc3 37. Bd1 g6 38. Ra7+ Kf6 39. g4 Nd5 40. Kg2 Rxe3 41. fxe3 Nxe3+ 42. Kg3 Nxd1 43. Ra1 Be2 44. gxh5 gxh5 45. Kf4 Bf3 46. Ra6 Nc3 47. Ra8 Nd5+ 48. Kg3 Ke5 49. Ra4 Bg4 50. Rc4 e3 0-1

[Event "Berliner Sommer"]
[Site "Berlin"]
[Date "1996.??.??"]
[Round "8"]
[White "Brodsky, Michail"]
[Black "Wahls, Matthias"]
[Result "1-0"]
[WhiteElo "2510"]
[BlackElo "2540"]
[PlyCount "81"]
[EventDate "1996.08.??"]
[Source "ChessBase"]

1. e4 e5 2. Nf3 Nc6 3. Bc4 Nf6 4. Ng5 d5 5. exd5 b5 6. Bf1 h6 7. Nf3 Qxd5 8. Nc3 Qe6 9. Bxb5 Bb7 10. Qe2 O-O-O 11. d3 g5 12. Be3 Bb4 13. O-O Rhg8 14. Bc4 Qe7 15. Nd2 h5 16. Nb3 h4 17. Ne4 Nd4 18. Bxd4 exd4 19. a3 Bd6 20. Rfe1 Nxe4 21. dxe4 Qe5 22. g3 Rh8 23. Ba6 Rh6 24. Qg4+ Kb8 25. Bxb7 Kxb7 26. Qf5 hxg3 27. fxg3 Rdh8 28. Qxe5 Bxe5 29. Nc5+ Kb6 30. Nd7+ Kb7 31. Nxe5 Rxh2 32. Ng4 Rxc2 33. Nf2 Rxb2 34. Rab1 Rb6 35. Nd3 Rc8 36. Rbc1 Rb5 37. Rc4 c5 38. a4 Ra5 39. Rf1 Re8 40. Rxf7+ Ka8 41. e5 1-0

[Event "CRO-Cup"]
[Site "Pula CRO"]
[Date "1994.??.??"]
[Round "5"]
[White "Zelcic, Robert"]
[Black "Sermek, Drazen"]
[Result "0-1"]
[WhiteElo "2460"]
[BlackElo "2520"]
[PlyCount "114"]
[EventDate "1994.??.??"]
[Source "www.chesslib.no"]
[SourceDate "2004.05.04"]

1. e4 e5 2. Nf3 Nc6 3. Bc4 Nf6 4. Ng5 d5 5. exd5 b5 6. Bf1 h6 7. Nf3 Qxd5 8. Nc3 Qe6 9. Bxb5 Bb7 10. Qe2 O-O-O 11. Bc4 Qd7 12. Bb5 Re8 13. d3 a6 14. Ba4 e4 15. dxe4 Bb4 16. e5 Qg4 17. Bb3 Nxe5 18. Nxe5 Qxg2 19. Rf1 Rxe5 20. Qxe5 Re8 21. Qxe8+ Nxe8 22. Be3 Bf3 23. Bc4 Kb7 24. a3 Ba5 25. b4 Nd6 26. Bd3 Bb6 27. Bxb6 Kxb6 28. Na4+ Ka7 29. Kd2 Qg5+ 30. Kc3 Qe5+ 31. Kd2 Qg5+ 32. Kc3 Qe5+ 33. Kd2 Qf4+ 34. Kc3 Qf6+ 35. Kd2 Bg2 36. Rfe1 Qxf2+ 37. Kc3 Qf6+ 38. Kd2 Qd4 39. c3 Qf4+ 40. Kc2 Be4 41. Bxe4 Nxe4 42. Re2 f5 43. Kb2 Qe5 44. Rc2 Qb5 45. Kb3 Qd5+ 46. Kb2 g5 47. Re1 g4 48. Rce2 Qe5 49. Rc2 Qb5 50. Kb3 Qd5+ 51. c4 Qd3+ 52. Kb2 Qd4+ 53. Ka2 Qd3 54. Kb2 f4 55. Nc5 Nxc5 56. bxc5 f3 57. Re7 f2 0-1

[Event "Calcutta"]
[Site "?"]
[Date "1996.??.??"]
[Round "?"]
[White "Howell, J."]
[Black "Volzhin, A."]
[Result "1-0"]
[WhiteElo "2490"]
[BlackElo "2485"]
[PlyCount "69"]
[EventDate "1996.??.??"]
[Source "ChessBase"]
[SourceDate "1996.02.01"]

1. e4 e5 2. Nf3 Nc6 3. Bc4 Nf6 4. Ng5 d5 5. exd5 b5 6. Bf1 h6 7. Nxf7 Kxf7 8. dxc6 Bc5 9. Be2 Ne4 10. O-O Bxf2+ 11. Rxf2+ Nxf2 12. Qf1 Rf8 13. Qxf2+ Kg8 14. Qe3 Qh4 15. g3 Qf6 16. d3 Bh3 17. Nd2 Rf7 18. b3 Qxc6 19. Ne4 Qxc2 20. Ba3 a5 21. Bc5 Be6 22. Qd2 Qxd2 23. Nxd2 a4 24. bxa4 Rxa4 25. a3 Rd7 26. Rc1 Bg4 27. Bf1 Bf5 28. Rc3 c6 29. Bb4 Ra6 30. Kf2 Be6 31. Ke3 Bd5 32. Nf3 Rf7 33. Be2 Bxf3 34. Bxf3 Rf6 35. Rc5 1-0

[Event "Cappelle"]
[Site "Cappelle la Grande"]
[Date "1994.??.??"]
[Round "6"]
[White "Degraeve, Jean Marc"]
[Black "Flear, Glenn C"]
[Result "0-1"]
[WhiteElo "2460"]
[BlackElo "2505"]
[PlyCount "72"]
[EventDate "1994.07.??"]
[Source "ChessBase"]

1. e4 e5 2. Nf3 Nc6 3. Bc4 Nf6 4. Ng5 d5 5. exd5 b5 6. Bf1 h6 7. Nf3 Qxd5 8. Nc3 Qe6 9. Nxb5 Qe7 10. d3 Bb7 11. Be2 O-O-O 12. O-O e4 13. Nd2 Qe5 14. dxe4 Nxe4 15. Bf3 Nxf2 16. Qe2 Nh3+ 17. gxh3 Bc5+ 18. Kg2 Qxe2+ 19. Bxe2 Nd4+ 20. Bf3 Nxb5 21. Bxb7+ Kxb7 22. Nb3 Bb6 23. a4 Nd4 24. Nxd4 Bxd4 25. Rxf7 Rhe8 26. c3 Bb6 27. Bf4 Re2+ 28. Kh1 Rf2 29. b4 g5 30. a5 gxf4 31. axb6 axb6 32. Re1 Rdd2 33. Rg7 Rxh2+ 34. Kg1 f3 35. Rf1 Rxh3 36. c4 Rb2 0-1

[Event "Hastings Open 9495"]
[Site "Hastings ENG"]
[Date "1994.??.??"]
[Round "?"]
[White "Bronstein, David I"]
[Black "Flear, Glenn C"]
[Result "0-1"]
[WhiteElo "2400"]
[BlackElo "2525"]
[PlyCount "126"]
[EventDate "1994.12.??"]
[Source "www.chesslib.no"]
[SourceDate "2004.05.04"]

1. e4 e5 2. Nf3 Nc6 3. Bc4 Nf6 4. Ng5 d5 5. exd5 b5 6. Bf1 h6 7. Nf3 Qxd5 8. Nc3 Qe6 9. Nxb5 Qe7 10. d4 e4 11. Ne5 Nxe5 12. dxe5 Qxe5 13. Be3 Bc5 14. Bd4 Bxd4 15. Qxd4 Qxd4 16. Nxd4 O-O 17. Bc4 Bd7 18. O-O-O Rfe8 19. h3 Re5 20. Rhe1 Rae8 21. Re3 Kf8 22. Rb3 Rg5 23. Bf1 c5 24. Nb5 Bxb5 25. Rxb5 Rf5 26. Rb7 Rxf2 27. Bb5 Ra8 28. Bc4 Kg8 29. Rxf7 Kh8 30. g4 Rh2 31. Rc7 Rxh3 32. Rxc5 Nxg4 33. Be6 Rg3 34. b4 Nf6 35. Bc8 Kg8 36. Rd8+ Kf7 37. Re5 Rxc8 38. Rxc8 h5 39. Ra5 h4 40. Rxa7+ Ke6 41. Rh8 h3 42. b5 e3 43. Kd1 Nd5 44. c4 Nf4 45. Kc2 e2 46. Raa8 Rc3+ 47. Kd2 Rd3+ 48. Kc2 Kf5 49. Rae8 Rd8 50. Rhf8+ Kg6 51. Rxd8 e1=Q 52. Rxf4 h2 53. Rd1 Qxd1+ 54. Kxd1 h1=Q+ 55. Kd2 Qh2+ 56. Ke3 Qxa2 57. Kd4 Qa7+ 58. Kd3 Qa3+ 59. Kd4 Qd6+ 60. Ke3 Qe5+ 61. Re4 Qc3+ 62. Kf4 Kf6 63. Kg4 g5 0-1

[Event "Krasnodar 71/330"]
[Site "?"]
[Date "1997.??.??"]
[Round "?"]
[White "Nadyrhanov, S."]
[Black "Obukhov, Alexander"]
[Result "0-1"]
[WhiteElo "2480"]
[BlackElo "2415"]
[PlyCount "64"]
[EventDate "1997.??.??"]
[Source "ChessBase"]
[SourceDate "1997.10.01"]

1. e4 e5 2. Nf3 Nc6 3. Bc4 Nf6 4. Ng5 d5 5. exd5 b5 6. Bf1 Nxd5 7. Bxb5 Bb7 8. d4 exd4 9. O-O Qf6 10. Qf3 Nde7 11. c3 h6 12. Qxf6 gxf6 13. Ne4 O-O-O 14. Nxf6 d3 15. Rd1 Ne5 16. f4 a6 17. Ba4 N5g6 18. Nd2 Nd5 19. Nxd5 Bc5+ 20. Kf1 Bxd5 21. b4 Be3 22. Bb3 Nxf4 23. Bxd5 Rxd5 24. c4 Rf5 25. Nf3 Nxg2 26. Rxd3 Rg8 27. Bxe3 Rxf3+ 28. Ke2 Rh3 29. Rf1 Re8 30. Rxf7 Nxe3 31. Rdd7 Nxc4+ 32. Kf2 Rf3+ 0-1

[Event "EU-chT (Men)"]
[Site "Debrecen"]
[Date "1992.??.??"]
[Round "7"]
[White "Prie, Eric"]
[Black "Tisdall, Jonathan D"]
[Result "1-0"]
[WhiteElo "2440"]
[BlackElo "2455"]
[PlyCount "85"]
[EventDate "1992.11.??"]
[Source "ChessBase"]

1. e4 e5 2. Nf3 Nc6 3. Bc4 Nf6 4. Ng5 d5 5. exd5 b5 6. Bf1 h6 7. Nf3 Qxd5 8. Nc3 Qe6 9. Nxb5 Bd6 10. Nxd6+ Qxd6 11. d3 Bb7 12. Be2 O-O-O 13. O-O g5 14. Be3 Nd5 15. Nd2 f5 16. Re1 Nf4 17. Bf1 h5 18. b4 h4 19. Bc5 Qf6 20. Nc4 h3 21. g3 Ng2 22. Re2 Nd4 23. Bxd4 exd4 24. Re5 Nh4 25. gxh4 Rxh4 26. Be2 Rf4 27. Kf1 Qh6 28. Qd2 Qh4 29. Bd1 Bg2+ 30. Ke1 Bc6 31. Qe2 Bf3 32. Qxf3 Rxf3 33. Bxf3 Qf4 34. Ke2 g4 35. Bc6 Qxh2 36. Rh1 Qf4 37. Ra5 Rd6 38. Nxd6+ Qxd6 39. Rc5 Qe6+ 40. Kd1 Qxa2 41. Re1 Qb1+ 42. Ke2 Qxb4 43. Kf1 1-0

[Event "Rishon Le Ziyyon"]
[Site "Rishon Le Ziyyon"]
[Date "1992.??.??"]
[Round "3"]
[White "Veinger, Itzhak"]
[Black "Hebden, Mark"]
[Result "0-1"]
[WhiteElo "2380"]
[BlackElo "2510"]
[PlyCount "68"]
[EventDate "1992.??.??"]
[Source "ChessBase"]

1. e4 e5 2. Nf3 Nc6 3. Bc4 Nf6 4. Ng5 d5 5. exd5 b5 6. Bf1 h6 7. Nxf7 Kxf7 8. dxc6 Qd5 9. Qf3 Qc5 10. b4 Qxb4 11. Qb3+ Qxb3 12. axb3 b4 13. Bb2 Bd6 14. Bc4+ Be6 15. Bxe6+ Kxe6 16. Ra5 Rhb8 17. d4 exd4 18. Bxd4 a6 19. Nd2 Rb5 20. Nc4 Kd5 21. Bxf6 gxf6 22. O-O Rxa5 23. Nxa5 Kd4 24. Re1 Kc3 25. Re2 Bc5 26. Kf1 Rd8 27. Ke1 h5 28. Nc4 a5 29. Nd2 Kxc2 30. Ne4+ Kc1 31. Ra2 Re8 32. Re2 Bd4 33. Nd6 Bc3+ 34. Kf1 Rd8 0-1

[Event "Kopavogur"]
[Site "Kopavogur"]
[Date "1994.??.??"]
[Round "?"]
[White "Gretarsson, Andri A"]
[Black "Hebden, Mark"]
[Result "1-0"]
[WhiteElo "2355"]
[BlackElo "2530"]
[PlyCount "67"]
[EventDate "1994.04.??"]
[Source "ChessBase"]

1. e4 e5 2. Nf3 Nc6 3. Bc4 Nf6 4. Ng5 d5 5. exd5 b5 6. Bf1 h6 7. Nxf7 Kxf7 8. dxc6 Bc5 9. Be2 Ne4 10. O-O Rf8 11. d4 exd4 12. Nd2 Nf6 13. Nb3 Bb6 14. a4 bxa4 15. Rxa4 Kg8 16. Nxd4 Kh8 17. c3 Qe8 18. Bf4 Rb8 19. Bf3 Ne4 20. Bg3 Ng5 21. Bd5 Qd8 22. Nf3 Bf5 23. Ne5 Qf6 24. h4 Nh7 25. Qh5 Rbd8 26. Nf7+ Rxf7 27. Qxf7 Bd3 28. Re1 Qxf7 29. Bxf7 Bb5 30. Rae4 Nf6 31. Re7 Rd2 32. Re8+ Nxe8 33. Rxe8+ Kh7 34. h5 1-0

[Event "Campionato europeo 2007"]
[Site "Dresda GER"]
[Date "2007.04.13"]
[Round "10.130"]
[White "Potapov, Pavel"]
[Black "Karpatchev, Aleksandr"]
[Result "1/2-1/2"]
[WhiteElo "2384"]
[BlackElo "2477"]
[PlyCount "144"]
[EventDate "2007.04.03"]
[Source "www.chesslib.no"]
[SourceDate "2004.05.04"]

1. e4 e5 2. Nf3 Nc6 3. Bc4 Nf6 4. Ng5 d5 5. exd5 b5 6. Bf1 h6 7. Nf3 Qxd5 8. Nc3 Qe6 9. Bxb5 Bb7 10. Qe2 O-O-O 11. d3 Nd4 12. Nxd4 exd4 13. Qxe6+ fxe6 14. Ne2 Bxg2 15. Rg1 Bb7 16. Bf4 Nh5 17. Bc4 Nxf4 18. Nxf4 g5 19. Nxe6 Re8 20. O-O-O Bd6 21. h3 Bh2 22. Rge1 Bf3 23. Nxd4 Bf4+ 24. Kb1 Bxd1 25. Rxd1 h5 26. Be6+ Kb7 27. Bd5+ Kb6 28. Be4 Be5 29. Nf5 g4 30. hxg4 h4 31. Ne3 Bd4 32. Nd5+ Ka5 33. b4+ Ka4 34. Nxc7 Rb8 35. Bc6+ Kxb4 36. Na6+ Kc3+ 37. Nxb8 Rxb8+ 38. Kc1 Rb2 39. Rh1 Rxc2+ 40. Kd1 Rd2+ 41. Ke1 Bxf2+ 42. Kf1 Bg3 43. Be4 Rf2+ 44. Kg1 Kd4 45. g5 Ke5 46. g6 Kf6 47. a4 a5 48. Rh3 Kg7 49. Rh1 Kh6 50. Rh3 Ra2 51. Rh1 Rxa4 52. Kg2 Ra2+ 53. Kh3 a4 54. Rg1 Bf2 55. Rb1 Bd4 56. Rb7 Bg7 57. Ra7 a3 58. Bd5 Ra1 59. Kxh4 Kxg6 60. Kg4 Rg1+ 61. Kf4 Rf1+ 62. Kg4 Bb2 63. Ra6+ Kg7 64. Ra7+ Kf8 65. Bc4 Ke8 66. Kg3 Kd8 67. Kg2 Rc1 68. Kf3 Kc8 69. Ke4 Kb8 70. Ra4 Kb7 71. Kd5 Rg1 72. Kc5 Rc1 1/2-1/2

[Event "CSR Team Ch 9091"]
[Site "Czekhoslovakia"]
[Date "1991.04.07"]
[Round "14.2"]
[White "Lanc, Alois"]
[Black "Votava, Jan"]
[Result "1-0"]
[WhiteElo "2470"]
[BlackElo "2380"]
[PlyCount "73"]
[EventDate "1990.??.??"]
[Source "www.chesslib.no"]
[SourceDate "2004.05.04"]

1. e4 e5 2. Nf3 Nc6 3. Bc4 Nf6 4. Ng5 d5 5. exd5 b5 6. Bxb5 Qxd5 7. Bxc6+ Qxc6 8. Qf3 e4 9. Qc3 Qb5 10. f4 h6 11. Nh3 Bd6 12. Na3 Qh5 13. Nc4 O-O 14. Nxd6 cxd6 15. O-O Bxh3 16. Qxh3 Qc5+ 17. Qe3 Qxc2 18. b3 d5 19. Qd4 Rfe8 20. Bb2 Qc8 21. Rae1 Qf5 22. Re3 Re6 23. h3 Ne8 24. g4 Qf6 25. Qxd5 Rd8 26. Qa5 Qh4 27. Rf2 Rd3 28. Qxa7 h5 29. Rg2 Red6 30. Qa8 Rxe3 31. Qxe8+ Kh7 32. dxe3 Rd1+ 33. Kh2 Rh1+ 34. Kxh1 Qxh3+ 35. Kg1 Qxe3+ 36. Kf1 Qd3+ 37. Kf2 1-0

[Event "Oesterreich"]
[Site "?"]
[Date "2005.??.??"]
[Round "?"]
[White "Blaskowski, J."]
[Black "Karpatchev, A."]
[Result "0-1"]
[WhiteElo "2385"]
[BlackElo "2460"]
[PlyCount "36"]
[EventDate "2005.??.??"]
[Source "Chess Informant"]
[SourceDate "2004.10.01"]

1. e4 e5 2. Nf3 Nc6 3. Bc4 Nf6 4. Ng5 d5 5. exd5 b5 6. Bf1 Nd4 7. c3 Nxd5 8. cxd4 Qxg5 9. Nc3 exd4 10. Bxb5+ Kd8 11. Bc6 Nf4 12. O-O Rb8 13. Qf3 Bg4 14. Qe4 Bd6 15. Re1 Bd7 16. g3 Bxc6 17. Qxc6 dxc3 18. dxc3 Qd5 0-1

[Event "Bled op"]
[Site "Bled"]
[Date "1999.03.20"]
[Round "1"]
[White "Sax, Gyula"]
[Black "Bozanic, Ivica"]
[Result "1-0"]
[WhiteElo "2524"]
[BlackElo "2305"]
[PlyCount "79"]
[EventDate "1999.03.20"]
[Source "ChessBase"]
[SourceDate "1999.05.10"]

1. e4 e5 2. Nf3 Nc6 3. Bc4 Nf6 4. Ng5 d5 5. exd5 b5 6. Bf1 h6 7. Nf3 Qxd5 8. Nc3 Qe6 9. Bxb5 Bb7 10. Qe2 O-O-O 11. Ba6 Nd4 12. Bxb7+ Kxb7 13. Nxd4 exd4 14. Qxe6 fxe6 15. Ne2 d3 16. cxd3 Rxd3 17. Nf4 Rd4 18. d3 Bd6 19. g3 Bxf4 20. Bxf4 Rhd8 21. Rc1 c6 22. O-O Rxd3 23. Rfe1 Re8 24. Be5 Re7 25. Rc4 Rd5 26. Rf4 Nd7 27. Bc3 Nc5 28. Rg4 Nd3 29. Re3 g5 30. h4 Rf7 31. hxg5 hxg5 32. Bd4 Nc5 33. b4 Na6 34. Ra3 Rff5 35. Be3 Rb5 36. Rb3 Nc7 37. Rd3 Rbd5 38. Rxd5 Nxd5 39. Bxg5 a6 40. Bd2 1-0

[Event "La Habana 71/(330)"]
[Site "?"]
[Date "1997.??.??"]
[Round "?"]
[White "Moreno, Alejandro"]
[Black "Vilela, Jose Luis"]
[Result "1-0"]
[WhiteElo "2400"]
[BlackElo "2420"]
[PlyCount "31"]
[EventDate "1997.??.??"]
[Source "ChessBase"]
[SourceDate "1997.10.01"]

1. e4 e5 2. Nf3 Nc6 3. Bc4 Nf6 4. Ng5 d5 5. exd5 b5 6. Bf1 Nd4 7. c3 Nxd5 8. Nxf7 Kxf7 9. cxd4 Qf6 10. Bxb5 Bb7 11. O-O exd4 12. Bc4 Rd8 13. d3 g6 14. Nd2 Kg7 15. Ne4 Qf5 16. Bg5 1-0

[Event "Velammal 45th National A ch-IND"]
[Site "Chennai IND"]
[Date "2008.02.05"]
[Round "3"]
[White "Neelotpal, D."]
[Black "Ashwath, R."]
[Result "1-0"]
[WhiteElo "2486"]
[BlackElo "2332"]
[PlyCount "69"]
[EventDate "2008.02.03"]
[Source "www.chesslib.no"]
[SourceDate "2004.05.04"]

1. e4 e5 2. Nf3 Nc6 3. Bc4 Nf6 4. Ng5 d5 5. exd5 b5 6. Bf1 Qxd5 7. Nc3 Qc5 8. Bxb5 h6 9. Nf3 Bg4 10. h3 Bd7 11. d3 O-O-O 12. Be3 Nd4 13. Bxd7+ Rxd7 14. O-O g5 15. Re1 Bg7 16. Nd2 Nd5 17. Nxd5 Qxd5 18. Bxd4 Qxd4 19. Qf3 Qd5 20. Re4 Qc6 21. Nc4 Rf8 22. Rae1 f5 23. Rxe5 Qxf3 24. Re8+ Rd8 25. Rxd8+ Kxd8 26. gxf3 Kd7 27. d4 g4 28. Kg2 h5 29. c3 Bf6 30. fxg4 hxg4 31. hxg4 Rg8 32. Ne3 fxg4 33. Kg3 Be7 34. Nxg4 Bd6+ 35. f4 1-0

[Event "Olomouc"]
[Site "?"]
[Date "2006.08.06"]
[Round "7.6"]
[White "Firman Nazar"]
[Black "Biolek Richard"]
[Result "1-0"]
[WhiteElo "2499"]
[BlackElo "2304"]
[PlyCount "87"]
[EventDate "2006.??.??"]
[Source "www.chesslib.no"]
[SourceDate "2004.05.04"]

1. e4 e5 2. Nf3 Nc6 3. Bc4 Nf6 4. Ng5 d5 5. exd5 b5 6. Bxb5 Qxd5 7. Nc3 Qxg2 8. Qf3 Qxf3 9. Nxf3 Bd7 10. d3 a6 11. Ba4 Nd4 12. Bxd7+ Kxd7 13. Nxd4 exd4 14. Ne2 Re8 15. Kf1 c5 16. Bd2 Nd5 17. Nc1 Bd6 18. Nb3 Re5 19. Re1 Rhe8 20. Rxe5 Rxe5 21. Kg2 Rh5 22. h3 f5 23. c3 dxc3 24. bxc3 f4 25. c4 Ne7 26. Bc3 Nf5 27. Kf3 g6 28. Nd2 Rg5 29. Bf6 Nh4+ 30. Ke2 Rh5 31. Ne4 f3+ 32. Ke3 Ng2+ 33. Kxf3 Nf4 34. Bg5 Rxh3+ 35. Rxh3 Nxh3 36. Bh6 Ng1+ 37. Ke3 Be7 38. f4 Bh4 39. Nxc5+ Kd6 40. Ne4+ Kc7 41. d4 Nh3 42. d5 Be7 43. Kf3 Bh4 44. Kg2 1-0

[Event "Reykjavik Open"]
[Site "Reykjavik ISL"]
[Date "1993.??.??"]
[Round "2"]
[White "Gretarsson, Andri Ass"]
[Black "Gausel, Einar"]
[Result "1-0"]
[WhiteElo "2310"]
[BlackElo "2485"]
[PlyCount "101"]
[EventDate "1993.??.??"]
[Source "www.chesslib.no"]
[SourceDate "2004.05.04"]

1. e4 e5 2. Nf3 Nc6 3. Bc4 Nf6 4. Ng5 d5 5. exd5 b5 6. Bf1 h6 7. Nxf7 Kxf7 8. dxc6 Bc5 9. d4 Bxd4 10. Be2 Qd5 11. O-O Qxc6 12. c3 Bb7 13. Qb3+ Kf8 14. Bf3 e4 15. Bh5 Nxh5 16. cxd4 e3 17. f3 Re8 18. Bxe3 Qe6 19. Qxe6 Rxe6 20. Kf2 Ke8 21. Nc3 b4 22. Na4 Bd5 23. Bd2 a5 24. Rfc1 Rc6 25. Nc5 Nf6 26. a3 Kf7 27. axb4 axb4 28. Bxb4 Rb8 29. Bc3 Bc4 30. Ra4 Bb5 31. Ra5 Bc4 32. Re1 Kg8 33. Re5 Kh7 34. Ra4 Bd5 35. Ra7 Bg8 36. Na6 Rf8 37. Rf5 Rc8 38. Nb4 Rc4 39. Rc5 Kg6 40. Rxc4 Bxc4 41. Nc6 Kh5 42. Ne7 Rf8 43. Rxc7 Ng4+ 44. Kg1 Ne3 45. Rc5+ g5 46. g4+ Nxg4 47. fxg4+ Kxg4 48. Rxc4 Kf3 49. Ng6 Rf6 50. Ne5+ Ke2 51. d5 1-0

[Event "ch-Euro Rapid Women"]
[Site "Predeal ROM"]
[Date "2007.08.09"]
[Round "7"]
[White "Muzychuk, M."]
[Black "Javakhishvili, L."]
[Result "0-1"]
[WhiteElo "2330"]
[BlackElo "2460"]
[PlyCount "94"]
[EventDate "2007.08.08"]
[Source "www.chesslib.no"]
[SourceDate "2004.05.04"]

1. e4 e5 2. Nf3 Nc6 3. Bc4 Nf6 4. Ng5 d5 5. exd5 b5 6. Bf1 h6 7. Nf3 Qxd5 8. Nc3 Qe6 9. Bxb5 Bb7 10. Qe2 O-O-O 11. d3 g5 12. Be3 Bb4 13. O-O Qf5 14. Bc4 Rhe8 15. Ne4 Nd4 16. Bxd4 exd4 17. Nfd2 Nd5 18. Qf3 Nf4 19. Nb3 g4 20. Qd1 Qg6 21. a3 Bd6 22. Na5 Rxe4 23. dxe4 Qh5 24. f3 Qxa5 25. Bxf7 Qg5 26. Kh1 Qe7 27. Bc4 Qe5 28. Qd2 Nh5 29. f4 Nxf4 30. Qf2 Kb8 31. Qg3 Qxe4 32. Rf2 Nh3 33. Re2 Bxg3 34. Rxe4 Nf2+ 35. Kg1 Nxe4 36. hxg3 Nxg3 37. Kh2 Nf5 38. Bd3 Ne3 39. Re1 Bxg2 40. Kg3 Bd5 41. c3 c5 42. b4 Rf8 43. Be2 d3 44. Bxd3 Rf3+ 45. Kh2 Rh3+ 46. Kg1 Rh1+ 47. Kf2 g3+ 0-1

[Event "300 Years"]
[Site "St Petersburg"]
[Date "2003.10.22"]
[Round "5"]
[White "Shaginjan, Armen"]
[Black "Obukhov, Alexander"]
[Result "0-1"]
[WhiteElo "2319"]
[BlackElo "2467"]
[PlyCount "62"]
[EventDate "2003.10.18"]
[Source "Roberto Alvarez"]
[SourceDate "2003.10.27"]

1. e4 e5 2. Nf3 Nc6 3. Bc4 Nf6 4. Ng5 d5 5. exd5 b5 6. Bxb5 Qxd5 7. Bf1 h6 8. Nc3 Qd7 9. Nge4 Nxe4 10. Nxe4 Bb7 11. d3 O-O-O 12. Be3 Nd4 13. c3 f5 14. cxd4 fxe4 15. Be2 Bb4+ 16. Bd2 Qxd4 17. O-O Bxd2 18. Bg4+ Kb8 19. Qxd2 exd3 20. Bd1 Rhf8 21. Rc1 Rd6 22. Rc3 Rg6 23. g3 Qd5 24. f3 e4 25. Qe3 exf3 26. Rxf3 Rxf3 27. Bxf3 Qxf3 28. Qe8+ Bc8 29. Qxg6 Qd1+ 30. Kg2 Qe2+ 31. Kg1 Bh3 0-1

[Event "Corfu GRE"]
[Site "Corfu GRE"]
[Date "1995.??.??"]
[Round "2"]
[White "Vouldis, Angelos"]
[Black "Grivas, Efstratios"]
[Result "0-1"]
[WhiteElo "2325"]
[BlackElo "2460"]
[PlyCount "78"]
[EventDate "1995.??.??"]
[Source "www.chesslib.no"]
[SourceDate "2004.05.04"]

1. e4 e5 2. Nf3 Nc6 3. Bc4 Nf6 4. Ng5 d5 5. exd5 b5 6. Bf1 Nd4 7. c3 Nxd5 8. Ne4 Ne6 9. Bxb5+ Bd7 10. Bxd7+ Qxd7 11. O-O f5 12. Ng3 g6 13. d4 exd4 14. Ne2 dxc3 15. Nbxc3 Nxc3 16. Nxc3 Qxd1 17. Rxd1 Bg7 18. Bd2 O-O-O 19. Rac1 Kb7 20. Kf1 a6 21. Na4 Rd4 22. Nc3 Rhd8 23. Be1 c5 24. f3 Bh6 25. Rb1 Bf4 26. h3 Bg5 27. Bf2 Rd2 28. Be1 Rc2 29. Rxd8 Bxd8 30. Nd5 Bg5 31. Bc3 Bd2 32. Bxd2 Rxd2 33. Ne3 Nf4 34. b4 Rxa2 35. bxc5+ Kc6 36. h4 Kxc5 37. Rb7 Kd4 38. Rb3 Ra1+ 39. Kf2 Nd3+ 0-1

[Event "Bern op"]
[Site "Bern"]
[Date "1992.??.??"]
[Round "2"]
[White "Mircov, Nicolae"]
[Black "Flear, Glenn C"]
[Result "0-1"]
[WhiteElo "2290"]
[BlackElo "2495"]
[PlyCount "77"]
[EventDate "1992.02.??"]
[Source "ChessBase"]

1. e4 e5 2. Nf3 Nc6 3. Bc4 Nf6 4. Ng5 d5 5. exd5 b5 6. Bf1 h6 7. Ne6 fxe6 8. dxc6 Bc5 9. Bd3 O-O 10. O-O Qd4 11. h3 Nd5 12. Qe1 Nf4 13. Be4 Ba6 14. d3 b4 15. a3 b3 16. Nd2 bxc2 17. Nb3 Qd6 18. Bxf4 Rxf4 19. Qa5 Bxd3 20. Bxd3 Bxf2+ 21. Rxf2 Qxd3 22. Qc3 Qxc3 23. bxc3 Rb8 24. Nd2 Rd8 25. Nf3 Rd1+ 26. Rf1 Rxf1+ 27. Kxf1 e4 28. Ke2 exf3+ 29. gxf3 Rh4 30. Kd2 Rxh3 31. Kxc2 Rxf3 32. Rb1 a6 33. Rb7 Rf7 34. Ra7 e5 35. Rxa6 Rf6 36. Kd3 Kf7 37. Ke4 Re6 38. Kd5 e4 39. Ra7 0-1

[Event "Corr"]
[Site "?"]
[Date "2003.01.31"]
[Round "?"]
[White "Houwen Piet J.van der (NED"]
[Black "Repp Heinrich (GER)"]
[Result "1/2-1/2"]
[WhiteElo "2350"]
[BlackElo "2419"]
[PlyCount "78"]
[EventDate "2003.??.??"]
[Source "www.chesslib.no"]
[SourceDate "2004.05.04"]

1. e4 e5 2. Nf3 Nc6 3. Bc4 Nf6 4. Ng5 d5 5. exd5 b5 6. Bf1 Nd4 7. c3 Nxd5 8. cxd4 Qxg5 9. Bxb5+ Kd8 10. O-O Bb7 11. Qf3 exd4 12. d3 Qe5 13. Na3 Bd6 14. g3 Be7 15. Nc2 Qf6 16. Qg4 c6 17. Bc4 c5 18. Qe4 Qc6 19. Bd2 a5 20. Rae1 f5 21. Qg2 Nb6 22. Qxc6 Bxc6 23. Na3 a4 24. Re5 Bd7 25. Re2 Bd6 26. Rfe1 Re8 27. Rxe8+ Bxe8 28. Bg8 h6 29. f4 Bd7 30. Bf7 Kc7 31. Bg6 Nd5 32. Nc4 Nb4 33. Bxb4 cxb4 34. Rc1 Rc8 35. Ne3+ Kb6 36. Nc4+ Kc7 37. Ne3+ Kb6 38. Rxc8 Bxc8 39. Bxf5 dxe3 1/2-1/2

[Event "Tula (Russia)"]
[Site "?"]
[Date "2000.??.??"]
[Round "14"]
[White "Gavritenkov Sergei"]
[Black "Afromeev Vladimir"]
[Result "0-1"]
[WhiteElo "2351"]
[BlackElo "2405"]
[PlyCount "32"]
[EventDate "2000.??.??"]
[Source "www.chesslib.no"]
[SourceDate "2004.05.04"]

1. e4 e5 2. Nf3 Nc6 3. Bc4 Nf6 4. Ng5 d5 5. exd5 b5 6. Bxb5 Qxd5 7. Bxc6+ Qxc6 8. O-O Bb7 9. f3 Bc5+ 10. Kh1 h6 11. Nh3 g5 12. Nc3 O-O-O 13. d3 g4 14. Ng1 Rhg8 15. Nge2 gxf3 16. gxf3 Qxf3+ 0-1

[Event "4NCL-Div1 2003-2004"]
[Site "West Bromwich"]
[Date "2004.03.21"]
[Round "6"]
[White "Williams, Simon"]
[Black "Sowray, Peter J"]
[Result "1/2-1/2"]
[WhiteElo "2396"]
[BlackElo "2360"]
[PlyCount "106"]
[EventDate "2004.01.17"]
[Source "Roberto Alvarez"]
[SourceDate "2004.03.29"]

1. e4 e5 2. Nf3 Nc6 3. Bc4 Nf6 4. Ng5 d5 5. exd5 b5 6. Bf1 Nd4 7. c3 Nxd5 8. cxd4 Qxg5 9. Bxb5+ Kd8 10. Qf3 e4 11. Qxe4 Bd6 12. h4 Qh5 13. Be2 Qf5 14. Qxf5 Bxf5 15. O-O Nb4 16. Na3 Re8 17. Bc4 Bd3 18. Bxd3 Nxd3 19. Nc2 Kd7 20. b3 Re2 21. Ba3 Rae8 22. Bxd6 cxd6 23. Rad1 f5 24. Ne3 f4 25. Nc4 R8e4 26. Na3 a6 27. Nc2 Kc6 28. a3 Kd5 29. Nb4+ Nxb4 30. axb4 Rxd4 31. Ra1 Rxb4 32. Rxa6 f3 33. gxf3 Rxd2 34. h5 Rxb3 35. Ra7 Rxf3 36. Rxg7 Ke6 37. Rxh7 Rf7 38. Re1+ Kf6 39. Rh6+ Kg7 40. Rg6+ Kh7 41. Rg2 Rd5 42. Rh2 Rdf5 43. Re6 R7f6 44. Rxf6 Rxf6 45. Kg2 Kh6 46. Kg3 Rf5 47. Kg4 Rg5+ 48. Kf4 Rxh5 49. Rxh5+ Kxh5 50. Kf5 d5 51. Ke5 Kg4 52. f4 d4 53. Kxd4 Kxf4 1/2-1/2